Logo BPK

Biblioteka

Politechniki Koszalińskiej

Photoshop nie tylko dla orłów / (Rekord nr 37462)

Szczegóły MARC
000 -ETYKIETA REKORDU
podpole kontrolne o stałej długości 00710nam a2200229 i 4500
001 - NUMER KONTROLNY REKORDU
pole kontrolne bg
020 ## - MIĘDZYNARODOWY ZNORMALIZOWANY NUMER KSIĄŻKI - ISBN
ISBN 8386389494
040 ## - ŹRÓDŁO KATALOGOWANIA
Instytucja, która utworzyła rekord BPK
041 1# - KOD JĘZYKA
Kod języka tekstu pl
Kod języka oryginału en
080 ## - UNIWERSALNA KLASYFIKACJA DZIESIĘTNA - UKD
UKD 004.42:004.92](07)
920 ## - Międzynarodowy znormalizowany numer książki – ISBN
ISBN 83-86389-49-4
008 - POLE O STAŁEJ DŁUGOŚCI - DANE KONTROLNE
podpole kontrolne o stałej długości s pl f |000 0 pol
100 1# - NAZWA OSOBOWA
Nazwa osobowa ALSPACH, Ted
245 10 - TYTUŁ/ODPOWIEDZIALNOŚĆ
Tytuł Photoshop nie tylko dla orłów /
Pozostałe elementy strefy tytułu i oznaczenia odpowiedzialności Ted Alspach ; tł. [z ang.] Władysław M. Szymczyk.
246 ## - WARIANT TYTUŁU
Treść wyrażenia wprowadzającego Tyt. oryg.:
Tytuł The complete idiot's guide to Photoshop
260 ## - STREFA ADRESU WYDAWNICZEGO
Miejsce wydania Warszawa :
Nazwa wydawcy/dystrybutora "Intersoftland",
Data publikacji, dystrybucji/powstania dokumentu 1995.
300 ## - STREFA OPISU FIZYCZNEGO
Objętość XVI, 272 s. :
Inne cechy fizyczne fot., rys. ;
Rozmiary 24 cm.
500 ## - UWAGI OGÓLNE
Tekst uwagi Oryg. : "The complete idiot's guide to Photoshop" 1994.
630 09 - HASŁO PRZEDMIOTOWE W FORMIE TYTUŁU UJEDNOLICONEGO
Tytuł ujednolicony Photoshop
655 ## - TERMIN INDEKSOWY - OKREŚLENIE RODZAJU/FORMY DOKUMENTU
Określenie rodzaju/formy dokumentu Podręczniki
942 ## - DODATKOWE ELEMENTY (KOHA)
Typ dokumentu Książka
Egzemplarze
Wycofany Status egzemplarza Uszkodzony Dostępność Lokalizacja stała Lokalizacja bieżąca Miejsce przechowywania Sygnatura Kod kreskowy Typ dokumentu
      Dostępny Biblioteka Politechniki Koszalińskiej Biblioteka Politechniki Koszalińskiej Wypożyczalnia BG 53697 01494518 Książka
© 2023 Biblioteka Politechniki Koszalińskiej :: KOHA